000
00340nam a22001457a 4500
008
230616b ||||| |||| 00| 0 eng d
020
_a
9781597080019
041
_a
eng
080
_2
19TH REVISED EDITION
_a
618
082
_a
618HAT
100
_a
15
101
_a
GYN
245
_a
CONTRACEPTIVE TECHNOLOGY
_c
HATCHER.A.R
942
_2
udc
_c
BK
999
_c
59992
_d
59992